Study guide for: Kozier & Erb's fundamentals of nursing: concepts, process, and practice. / (Record no. 9535)

MARC details
000 -LEADER
fixed length control field 02650cam a22003854a 4500
001 - CONTROL NUMBER
control field 16498891
003 - CONTROL NUMBER IDENTIFIER
control field OSt
005 - DATE AND TIME OF LATEST TRANSACTION
control field 20231022101958.0
008 - FIXED-LENGTH DATA ELEMENTS--GENERAL INFORMATION
fixed length control field 101012s2012 maua b 001 0 eng
010 ## - LIBRARY OF CONGRESS CONTROL NUMBER
LC control number
020 ## - INTERNATIONAL STANDARD BOOK NUMBER
International Standard Book Number 9780138024666
020 ## - INTERNATIONAL STANDARD BOOK NUMBER
International Standard Book Number 0138024669
035 ## - SYSTEM CONTROL NUMBER
System control number (OCoLC)ocn670176137
040 ## - CATALOGING SOURCE
Original cataloging agency DNLM/DLC
Transcribing agency LC
Modifying agency YDX
042 ## - AUTHENTICATION CODE
Authentication code pcc
050 00 - LIBRARY OF CONGRESS CALL NUMBER
Classification number RT41.B51
060 10 - NATIONAL LIBRARY OF MEDICINE CALL NUMBER
Classification number WY 100
060 #4 - NATIONAL LIBRARY OF MEDICINE CALL NUMBER
Classification number WY 100
Item number K88 2012
082 00 - DEWEY DECIMAL CLASSIFICATION NUMBER
Classification number 610.73
Edition number 22
100 ## - MAIN ENTRY--PERSONAL NAME
Personal name Berman, Audrey.
9 (RLIN) 189
245 00 - TITLE STATEMENT
Title Study guide for: Kozier & Erb's fundamentals of nursing: concepts, process, and practice. /
Statement of responsibility, etc. Audrey Berman, Shirley Snyder, Stephanie Bronsky
246 30 - VARYING FORM OF TITLE
Title proper/short title Fundamentals of nursing
246 30 - VARYING FORM OF TITLE
Title proper/short title Student workbook and resource guide for: Kozier & Erb's fundamentals of nursing: concepts, process, and practice
250 ## - EDITION STATEMENT
Edition statement 9th ed.
260 ## - PUBLICATION, DISTRIBUTION, ETC.
Place of publication, distribution, etc. Boston :
Name of publisher, distributor, etc. Pearson,
Date of publication, distribution, etc. 2012.
300 ## - PHYSICAL DESCRIPTION
Extent vii, 307 p. :
Other physical details ill.;
Dimensions 28 cm.
504 ## - BIBLIOGRAPHY, ETC. NOTE
Bibliography, etc. note Includes bibliographical references and index.
505 0# - FORMATTED CONTENTS NOTE
Formatted contents note Contents: Historical and contemporary nursing practice -- Evidence-based practice and research in nursing -- Nursing theories and conceptual frameworks -- Legal aspects of nursing -- Values, ethics, and advocacy -- Health care delivery systems -- Community nursing and care continuity -- Home care -- Electronic health records and information technology -- Critical thinking and nursing practice -- Assessing -- Diagnosing -- Planning -- Implementing and evaluating -- Documenting and reporting -- Health promotion -- Health, wellness, and illness -- Culturally responsive nursing care -- Complementary and alternative healing modalities -- Concepts of growth and development -- Promoting health from conception through adolescence -- Promoting health in young and middle-aged adults -- Promoting health in older adults -- Promoting family health -- Caring -- Communicating -- Teaching -- Leading, managing, and delegating -- Vital signs -- Health assessment -- Asepsis -- Safety -- Hygiene -- Diagnostic testing -- Medications -- Skin integrity and wound care -- Perioperative nursing -- Sensory perception -- Self-concept -- Sexuality -- Spirituality -- Stress and coping -- Loss, grieving, and death -- Activity and exercise -- Sleep -- Pain management -- Nutrition -- Urinary elimination -- Fecal elimination -- Oxygenation -- Circulation -- Fluid, electrolyte, and acid-base balance -- Answer key --
650 #0 - SUBJECT ADDED ENTRY--TOPICAL TERM
Topical term or geographic name entry element Nursing.
9 (RLIN) 102
Form subdivision Questions and Answers
700 1# - ADDED ENTRY--PERSONAL NAME
Personal name Snyder, Shirley
9 (RLIN) 189
700 1# - ADDED ENTRY--PERSONAL NAME
Personal name Bronsky, Stephanie
9 (RLIN) 2615
906 ## - LOCAL DATA ELEMENT F, LDF (RLIN)
a 7
b cbc
c orignew
d 1
e ecip
f 20
g y-gencatlg
942 ## - ADDED ENTRY ELEMENTS (KOHA)
Source of classification or shelving scheme Library of Congress Classification
Koha item type Books
Holdings
Withdrawn status Lost status Source of classification or shelving scheme Damaged status Not for loan Home library Current library Shelving location Date acquired Full call number Barcode Date last seen Price effective from Koha item type
    Library of Congress Classification     WISCONSIN INTERNATIONAL UNIVERSITY COLLEGE, GHANA KUMASI LIBRARY WISCONSIN INTERNATIONAL UNIVERSITY COLLEGE, GHANA KUMASI LIBRARY nursing 09/02/2023 RT41.B51(9e) KSN/1152/099/23 21/04/2023 21/04/2023 Books

If you have any concerns or questions; kindly contact the library


© Powered by WIUC ICT DIRECTORATE